Statistics for Similar Flags Quiz

Click here to take the quiz!

General Stats

  • This quiz has been taken 11 times
  • The average score is 13 of 15

Answer Stats

Answer% Correct
Ireland
100%
Cote D'ivoire
91%
Poland
91%
Indonesia
91%
Romania
91%
Liechtenstein
91%
Austria
91%
Latvia
91%
Chad
82%
Bahrain
82%
Qatar
82%
Peru
82%
Haiti
73%
Guatemala
73%
El Salvador
73%

Score Distribution

Percentile by Number Answered

Percent of People with Each Score

Your Score History

You have not taken this quiz